000 00861nam a22001815i 4500
001 156527
003 ES-MaACL
005 20230906210431.0
008 040806s1872 sp |||| | spa d
040 _aCAM
_bspa
_cCAM
100 1 _aJusto y Villanueva, Luis.
_9128413
245 1 0 _aLaboratorio químico destinado para el servicio de la agricultura protegido por el instituto agrícola catalán de San Isidro, establecido en el mismo local que la sociedad Plaza del Beato Oriol, 6 y dirigido por Luis Justo y Villanueva.
260 _aBarcelona :
_b[s.n.],
_c1872 (
_fImprenta del Diario de Barcelona)
300 _a35 p. ;
_c22 cm.
500 _aEn port.: (2º año.- 1870 a 1871)
710 2 _aInstitut Agrícola Català de Sant Isidre.
_9176166
852 _aES-MaACL
_jT-852-F-10
_z-- Enc. hol., conservando la enc. editorial
_z-- Enc. en un vol. facticio
999 _c156527
_d156527